<?xml version="1.0" encoding="UTF-8"?>
<record
    xmlns:xsi="http://www.w3.org/2001/XMLSchema-instance"
    xsi:schemaLocation="http://www.loc.gov/MARC21/slim http://www.loc.gov/standards/marcxml/schema/MARC21slim.xsd"
    xmlns="http://www.loc.gov/MARC21/slim">

  <leader>00906nam a22002537a 4500</leader>
  <controlfield tag="005">20260321064128.0</controlfield>
  <controlfield tag="008">160704b2000    ag ||||| |||| 00| 0 spa d</controlfield>
  <datafield tag="020" ind1=" " ind2=" ">
    <subfield code="a">9507016244</subfield>
  </datafield>
  <datafield tag="040" ind1=" " ind2=" ">
    <subfield code="a">AR-MoUNM</subfield>
  </datafield>
  <datafield tag="082" ind1="0" ind2=" ">
    <subfield code="2">20</subfield>
    <subfield code="a">982.06</subfield>
    <subfield code="b">HIS 673</subfield>
  </datafield>
  <datafield tag="245" ind1="0" ind2="0">
    <subfield code="a">Historia :</subfield>
    <subfield code="b">la Argentina contempor&#xE1;nea (1852-1999) : documentos y testimonios / </subfield>
    <subfield code="c">compilaci&#xF3;n, M. E. Alonso ; C. Vazquez.</subfield>
  </datafield>
  <datafield tag="260" ind1=" " ind2=" ">
    <subfield code="a">Buenos Aires :</subfield>
    <subfield code="b">Aique,</subfield>
    <subfield code="c">c2000.</subfield>
  </datafield>
  <datafield tag="300" ind1=" " ind2=" ">
    <subfield code="a">80 p. :</subfield>
    <subfield code="b">il. ;</subfield>
    <subfield code="c">23 cm.</subfield>
  </datafield>
  <datafield tag="490" ind1="0" ind2=" ">
    <subfield code="a">(Aique polimodal)</subfield>
  </datafield>
  <datafield tag="504" ind1=" " ind2=" ">
    <subfield code="a">Incluye referencias bibliogr&#xE1;ficas.</subfield>
  </datafield>
  <datafield tag="650" ind1=" " ind2="7">
    <subfield code="a">ENSE&#xD1;ANZA DE LA HISTORIA</subfield>
    <subfield code="2">unescot</subfield>
    <subfield code="9">641</subfield>
  </datafield>
  <datafield tag="650" ind1=" " ind2="7">
    <subfield code="2">unescot</subfield>
    <subfield code="9">126</subfield>
    <subfield code="a">HISTORIA CONTEMPORANEA</subfield>
  </datafield>
  <datafield tag="650" ind1=" " ind2="7">
    <subfield code="a">ENSE&#xD1;ANZA SECUNDARIA</subfield>
    <subfield code="2">unescot</subfield>
    <subfield code="9">642</subfield>
  </datafield>
  <datafield tag="650" ind1=" " ind2="7">
    <subfield code="a">HISTORIA</subfield>
    <subfield code="2">unescot</subfield>
    <subfield code="z">ARGENTINA</subfield>
    <subfield code="9">478</subfield>
  </datafield>
  <datafield tag="650" ind1=" " ind2="7">
    <subfield code="2">unescot</subfield>
    <subfield code="9">8496</subfield>
    <subfield code="a">DOCUMENTO</subfield>
  </datafield>
  <datafield tag="700" ind1="1" ind2=" ">
    <subfield code="9">9779</subfield>
    <subfield code="a">V&#xE1;zquez, Enrique Carlos.</subfield>
  </datafield>
  <datafield tag="700" ind1="1" ind2=" ">
    <subfield code="9">9778</subfield>
    <subfield code="a">Alonso, Mar&#xED;a Ernestina.</subfield>
  </datafield>
  <datafield tag="942" ind1=" " ind2=" ">
    <subfield code="c">LIBRO</subfield>
  </datafield>
  <datafield tag="999" ind1=" " ind2=" ">
    <subfield code="c">6082</subfield>
    <subfield code="d">6083</subfield>
  </datafield>
  <datafield tag="952" ind1=" " ind2=" ">
    <subfield code="0">0</subfield>
    <subfield code="1">0</subfield>
    <subfield code="4">0</subfield>
    <subfield code="7">0</subfield>
    <subfield code="a">UNM</subfield>
    <subfield code="b">UNM</subfield>
    <subfield code="d">2016-07-05</subfield>
    <subfield code="i">6531</subfield>
    <subfield code="l">2</subfield>
    <subfield code="o">982.06 HIS 673</subfield>
    <subfield code="p">6531</subfield>
    <subfield code="r">2024-05-22 00:00:00</subfield>
    <subfield code="s">2024-05-14</subfield>
    <subfield code="t">Ej. C</subfield>
    <subfield code="w">2016-07-05</subfield>
    <subfield code="y">LIBRO</subfield>
  </datafield>
</record>
